Přeskočit na obsah

Трудовое право: опыт сравнительного исследования Монография

В монографии рассматриваются вопросы теории трудового права анализируются современное трудовое законодательство практика его применения в России Соединенных Штатах Америки Великобритании Германии и других странах. Авторы системно излагают результаты своих исследований теории и практики трудового...

Celý popis

Uloženo v:
Podrobná bibliografie
Hlavní autor: Лебедев В.М
Médium: Монография
Vydání:1
On-line přístup:https://znanium.com/catalog/document?id=398524
https://znanium.com/cover/1214/1214855.jpg
Tagy: Přidat tag
Žádné tagy, Buďte první, kdo otaguje tento záznam!
LEADER 03857nam0a2200385 i 4500
001 RU\infra-m\znanium\bibl\1214855
003 https://znanium.com/catalog/document?id=398524
005 20250526000000.0
010 |a 978-5-91768-867-1 
010 |a 978-5-16-105998-2  |b электр. издание 
010 |a 978-5-16-013267-9  |b ISBN соиздателя 
100 |a 20250526d2022 m y0rusy0150 ca 
101 0 |a rus 
102 |a RU 
200 1 |a Трудовое право: опыт сравнительного исследования  |e Монография  |f Национальный исследовательский Томский государственный университет  |g Томский государственный университет систем управления и радиоэлектроники  |g Национальный исследовательский Томский государственный университет, ф-л Новосибирский юридический институт 
205 |a 1 
210 1 |a Москва  |c ООО "Юридическое издательство Норма"  |d 2021 
215 |a 480 с. 
330 |a В монографии рассматриваются вопросы теории трудового права анализируются современное трудовое законодательство практика его применения в России Соединенных Штатах Америки Великобритании Германии и других странах. Авторы системно излагают результаты своих исследований теории и практики трудового права нашедшие отражение в ряде уже опубликованных работ. Книга рассчитана на преподавателей аспирантов студентов практических работников. 
333 |a Дополнительное профессиональное образование 
606 |a Право. Юридические науки  |x Трудовое право  |2 local 
608 |a Монография  |2 local 
675 |a 349.2  |z rus 
686 |a 67.405  |2 rubbk 
686 |a 40.03.01  |2 okso 
686 |a 40.04.01  |2 okso 
686 |a 44.03.05  |2 okso 
700 1 |a Лебедев  |b В.М.  |g Владимир Максимович  |p Национальный исследовательский Томский государственный университет 
701 1 |a Мельникова  |b В. Г.  |g Валентина Григорьевна  |p Национальный исследовательский Томский государственный университет, ф-л Новосибирский юридический институт 
701 1 |a Назметдинов  |b Р.Р.  |g Рустем Рафисович  |p Томский государственный университет систем управления и радиоэлектроники 
712 0 2 |a Томский государственный университет систем управления и радиоэлектроники 
712 0 2 |a Национальный исследовательский Томский государственный университет, ф-л Новосибирский юридический институт 
801 0 |a RU  |b Общество с ограниченной ответственностью «ЗНАНИУМ»  |c 20201022  |2 rusmarc 
856 4 |a znanium.com  |m ebs_support@infra-m.ru  |n НИЦ ИНФРА-М  |u https://znanium.com/catalog/document?id=398524 
856 4 1 |a znanium.com  |d /cover/1214  |f 1214855.jpg  |q image/jpeg  |u https://znanium.com/cover/1214/1214855.jpg